Normal view
MARC view
- اعداد قسم الثقافة في هيئة علماء المسلمين في العراق
Entry Personal Name
001 - CONTROL NUMBER
- control field: 64108
003 - CONTROL NUMBER IDENTIFIER
- control field: JO-AjAnu
005 - DATE AND TIME OF LATEST TRANSACTION
- control field: 20230606084448.0
008 - FIXED-LENGTH DATA ELEMENTS
- fixed length control field: 230606|| aca||aabn | a|a d
040 ## - CATALOGING SOURCE
- Original cataloging agency: JO-AjAnu
- Transcribing agency: JO-AjAnu
100 ## - HEADING--PERSONAL NAME
- Personal name: اعداد قسم الثقافة في هيئة علماء المسلمين في العراق
670 ## - SOURCE DATA FOUND
- Source citation: Work cat.: (JO-AjAnu)32683: اعداد قسم الثقافة في هيئة علماء المسلمين في العراق, author, مبادرة مشروع العراق الجامع